Startaufstellungen im WM-Finale 2022 - Statistiken

Allgemein
  • Dieses Quiz wurde 147 mal gespielt
  • Das Durchschnittsergebnis liegt bei 17 aus 22
Antwortstatistiken
Nummer Verein Argentinien % Korrekt
10 Paris SG Lionel Messi
98%
23 Aston Villa Emiliano Martinez
97%
10 Paris SG Kylian Mbappe
96%
1 Tottenham Hotspur Hugo Lloris
93%
9 Manchester City Julian Alvarez
90%
7 Atletico Madrid Antoine Griezmann
88%
18 FC Bayern München Dayot Upamecano
88%
11 Juventus Turin Angel Di Maria
84%
9 AC Mailand Olivier Giroud
83%
22 AC Mailand Theo Hernandez
82%
5 FC Barcelona Jules Kounde
79%
11 FC Barcelona Ousmane Dembele
79%
8 Real Madrid Aurelien Tchouameni
78%
4 Manchester United Raphael Varane
77%
7 Atletico Madrid Rodrigo de Paul
74%
20 Brighton & Hove Albion Alexis Mac Allister
72%
19 Benfica Lissabon Nicolas Otamendi
71%
14 Juventus Turin Adrien Rabiot
67%
13 Tottenham Hotspur Cristian Romero
63%
3 Olympique Lyon Nicolas Tagliafico
57%
24 Benfica Lissabon Enzo Fernandez
53%
26 Atletico Madrid Nahuel Molina
50%
Keine übereinstimmenden Quizze gefunden
Verteilung der Resultate
Anzahl Personen mit jedem Resultat
Perzentil nach korrekt beantworteten Fragen
Ihre Resultats-Entwicklung
Sie haben dieses Quiz noch nicht gespielt